| 000 | 00749nam a22002657a 4500 | ||
|---|---|---|---|
| 001 | BR0901866 | ||
| 003 | BR-BrBNA | ||
| 005 | 20230928102904.0 | ||
| 007 | ta | ||
| 008 | 230509b bl.||||| |||| 00| 0 por d | ||
| 040 |
_aBR-BrBNA _bpor _cBiblioteca Nacional de Agricultura |
||
| 041 | _a(Por) | ||
| 072 | _aT01 | ||
| 090 | _ T01 BR0901866 | ||
| 100 | 1 | _aGarcia, M.S. | |
| 245 | 1 | _aLevantamento do índice de casos suspeitos de intoxicação por agrotóxicos, em agricultores do município de Santa Rosa | |
| 260 | 3 |
_aSanta Rosa, RS (Brasil): _c[nd]. |
|
| 300 | _a38 p. | ||
| 650 | _aAGROTÓXICO | ||
| 650 | _aPOLUIÇÃO AMBIENTAL | ||
| 650 | _aTOXIDEZ | ||
| 650 | _aAGRICULTURA | ||
| 909 |
_a202309 _bLucia _c55 _dLucia Elande |
||
| 942 | _cBK | ||
| 999 |
_c72859 _d72859 |
||